Geographic Groups of Three - Water - Statistics

General Stats
  • This quiz has been taken 73 times
  • The average score is 13 of 18
Answer Stats
Hint Answer % Correct
Oceans that touch Russia Atlantic
99%
African Great Lakes that border Uganda Lake Victoria
99%
Oceans that touch Russia Pacific
99%
Oceans that touch Russia Arctic
97%
Seas with color names that touch Asia Red Sea
97%
Seas with color names that touch Asia Yellow Sea
97%
Seas and gulfs that border Iran Persian Gulf
96%
Seas with color names that touch Asia Black Sea
93%
Most populous river basins Nile
90%
Longest rivers in West Africa Niger River
81%
Most populous river basins Yangtze
77%
Seas and gulfs that border Iran Caspian Sea
70%
Most populous river basins Ganges / Brahmaputra
67%
African Great Lakes that border Uganda Lake Albert
35%
Seas and gulfs that border Iran Gulf of Oman
32%
Longest rivers in West Africa Senegal River
30%
African Great Lakes that border Uganda Lake Edward
22%
Longest rivers in West Africa Volta River
20%
No matching quizzes found
Score Distribution
Percent of People with Each Score
Percentile by Number Answered
Your Score History
You have not taken this quiz